Music Quiz

Random Music or Song Quiz

(Parenthetical) Song Titles III Quiz Stats

Quiz Updated Aug 13, 2015

Challenge
Share
Tweet
Embed
Score 0/24 Timer 05:00
2 Plays Today
% Correct
Forget About Me
91%
You Make Me Feel Like
89.8%
You Drive Me
87.2%
To the Other Side
84%
Your Love Keeps Lifting Me
83%
Oh, What a Night
81.6%
What's the Story
80.6%
For a Girl
79.6%
For My Love
71%
Sugar Pie Honey Bunch
67.9%
Running Away With Me
66.2%
Da Ba Dee
63.2%
% Correct
I'm Only Bleeding
62.6%
Worlds Apart
62.2%
The Piña Colada Song
52.4%
It Felt Like a Kiss
50.3%
We All Shine On
49.2%
A Man After Midnight
43.6%
That Thing
42.4%
Cable Car
41.5%
If I Could
28.5%
Sandy
26.8%
Slight Return
26.6%
Pure Energy
24%

You're not logged in!

Compare scores with friends on all Sporcle quizzes.
Join for Free
OR
Log In

You Might Also Like...

Show Comments

Extras

Top Quizzes Today


Score Distribution

Your Account Isn't Verified!

In order to create a playlist on Sporcle, you need to verify the email address you used during registration. Go to your Sporcle Settings to finish the process.

Report this User

Report this user for behavior that violates our Community Guidelines.

Details: